ბათუმის შოთა რუსთაველის სახელმწიფო უნივერსიტეტის ბიბლიოთეკა

"ძნელად განსასაზღვრი სისხლის ჯგუფების იმუნოგენეტიკური მახასიათებლები" (ბიბ.ჩანაწერი № 57820)

000 -ლიდერი
ფიქსირებული სიგრძის საკონტროლო ველი 01314nam a22002297a 4500
003 - საკონტროლო ნომრის იდენტიფიკატორი
საკონტროლო ველი Ge_BSU
005 - ბოლო ოპერაციის თარიღი და დრო
საკონტროლო ველი 20221221151239.0
008 - ფიქსირებული სიგრძის მონაცემთა ელემენტები - ზოგადი ინფორმაცია
ფიქსირებული სიგრძის საკონტროლო ველი 201222s2020 ge ||||| |||| 00| 0 geo d
041 ## - ენის კოდი
Language code of text/sound track or separate title geo
080 ## - უნივერსალური ათობითი კლასიფიკაციის ინდექსი
Universal Decimal Classification number 616.853 ც-63
100 ## - მთავარი ჩანაწერი - პიროვნების სახელი
Personal name ცინცაძე, ირინე
9 (RLIN) 9937
245 ## - ცნობა სათაურის შესახებ
Title "ძნელად განსასაზღვრი სისხლის ჯგუფების იმუნოგენეტიკური მახასიათებლები"
Remainder of title
Statement of responsibility, etc სამეცნ. ხემძღვანელები ლეილა ახვლედიანი, მარინა ნაგერვაძე.
264 ## - წარმოების, გამოცემის, დისტრიბუციის და სხვა ცნობები
გამოცემის, წარმოების, დისტრიბუციის... ადგილი ბათუმი,
გამოცემის, წარმოების, დისტრიბუციის... თარიღი 2020.
300 ## - ფიზიკური აღწერა
Extent 133 გვ.
Other physical details ილ.
Dimensions 30 სმ.
653 ## - INDEX TERM--UNCONTROLLED
Uncontrolled term ბიოლოგია
653 ## - INDEX TERM--UNCONTROLLED
Uncontrolled term გენეტიკა
653 ## - INDEX TERM--UNCONTROLLED
Uncontrolled term დისერტაცია
700 ## - ADDED ENTRY--PERSONAL NAME
Personal name ახვლედიანი, ლეილა
Relator term სამეცნ. ხელმძღვანელი
9 (RLIN) 9938
700 ## - ADDED ENTRY--PERSONAL NAME
Personal name ნაგერვაძე, მარინა
Relator term სამეცნ. ხელმძღვანელი
9 (RLIN) 9939
710 ## - ADDED ENTRY--CORPORATE NAME
Corporate name or jurisdiction name as entry element ბსუ
Relator term საბუნებისმეტყველო მეცნიერებათა და ჯანდაცვის ფაკ-ტი
9 (RLIN) 9940
942 ## - ADDED ENTRY ELEMENTS (KOHA)
Source of classification or shelving scheme
Koha item type დისერტაცია
ეგზემპლარები
ჩამოწერის სტატუსი დაკარგული ეგზემპლარის სტატუსი კლასიფიკაციის წყარო ან თაროზე გაწყობის სქემა დაზიანების სტატუსი არ გაიცემა მუდმივი მდებარეობა (დაცვის ადგილი) ამჟამინდელი ადგილსამყოფელი თაროზე განთავსების ადგილი შეძენის თარიღი სრული შენახვის შიფრი შტრიხკოდი ბოლო ოპერაციის თარიღი ეგზემპლარის მიმდევრობითი ნომერი (კეტერი?) ფასის ძალაში შესვლის თარიღი ეგზემპლარის სახეობა
          ბათუმის შოთა რუსთაველის სახელმწიფო უნივერსიტეტის მთავარი ბიბლიოთეკა ბათუმის შოთა რუსთაველის სახელმწიფო უნივერსიტეტის მთავარი ბიბლიოთეკა წიგნსაცავი 2020-12-22 616.853 ც-63 346 დისერტაცია 2020-12-22 346 2020-12-22 დისერტაცია